000 00304nam a22001337a 4500
008 190205b xxu||||| |||| 00| 0 eng d
020 _a0201085917
041 _aeng
080 _22nd
_a159.9
100 _a49
101 _aPSI
245 _aThe Social Psychology of Organizing
_cWeick
942 _2udc
_cBK
999 _c53968
_d53968